000 00367nam a2200157Ia 4500
003 OSt
008 191201s2001 xx 000 0 und d
082 _a005.44
_bBAS
100 _aBANDEL, David
245 0 _aSpecial Edition Using Linux
250 _a6th
260 _aNew Delhi
_bPearson Education
_c2001
300 _a817
650 _aB.Tech(CSE)
942 _2ddc
_cBK
999 _c2102
_d2102